Empsychoi logoi : (Registro nro. 20806)

Detalles MARC
000 -LEADER
campo de control de longitud fija 04055cam a22005414i 4500
003 - IDENTIFICADOR DE NÚMERO DE CONTROL
campo de control PE-LiUPU
005 - FECHA Y HORA DE LA ÚLTIMA TRANSACCIÓN
campo de control 20250731172932.0
008 - DATOS DE LONGITUD FIJA--INFORMACIÓN GENERAL
campo de control de longitud fija 170622s2008 ne a r 001 0 eng d
020 ## - NÚMERO INTERNACIONAL ESTÁNDAR DEL LIBRO
Número Internacional Estándar del Libro 9004165975
020 ## - NÚMERO INTERNACIONAL ESTÁNDAR DEL LIBRO
Número Internacional Estándar del Libro 9789004165977
035 ## - NÚMERO DE CONTROL DEL SISTEMA
Número de control de sistema (Sirsi) a204454
040 ## - FUENTE DE CATALOGACIÓN
Centro catalogador/agencia de origen PE-LiUPU
Lengua de catalogación spa
Centro/agencia transcriptor PE-LiUPU
Normas de descripción rda
049 ## - FONDOS LOCALES (OCLC)
Biblioteca depositaria PRUA
082 04 - NÚMERO DE LA CLASIFICACIÓN DECIMAL DEWEY
Número de clasificación 200.901
Cutter E5
Número de edición 22
245 00 - MENCIÓN DEL TÍTULO
Título Empsychoi logoi :
Resto del título religious innovations in antiquity : studies in honour of Pieter Willem van der Horst /
Mención de responsabilidad, etc. ed. by Alberdina Houtman, Albert de Jong, and Magda Misset-van de Weg.
264 #1 - PRODUCCIÓN, PUBLICACIÓN, DISTRIBUCIÓN, FABRICACIÓN Y COPYRIGHT
Producción, publicación, distribución, fabricación y copyright Leiden :
Nombre del de productor, editor, distribuidor, fabricante Brill,
Fecha de producción, publicación, distribución, fabricación o copyright 2008.
300 ## - DESCRIPCIÓN FÍSICA
Extensión xxiv, 646 páginas :
Otras características físicas ilustraciones ;
Dimensiones 25 centimetros.
336 ## - TIPO DE CONTENIDO
Término de tipo de contenido text
Fuente rdacontent
337 ## - TIPO DE MEDIO
Nombre/término del tipo de medio unmediated
Fuente rdamedia
338 ## - TIPO DE SOPORTE
Nombre/término del tipo de soporte volume
Fuente rdacarrier
490 0# - MENCIÓN DE SERIE
Mención de serie Arbeiten zur Geschichte des Antiken Judentums und des Urchristentums ;
Designación de volumen o secuencia 73
504 ## - NOTA DE BIBLIOGRAFÍA, ETC.
Nota de bibliografía, etc. Índices: páginas 617-646.
505 0# - NOTA DE CONTENIDO CON FORMATO
Nota de contenido con formato 'Judenthum', 'griechenthum' and 'christenthum' as parameters in early nineteenth century Jewish political thinking / I. Zwiep -- Explaining change in Judaism in late antiquity / M. Goodman -- The end of sacrifce : religious mutations of late antiquity / G.G. Stroumsa -- Worshipping the visible gods : confict and accommodation in Hellenism, hellenistic Judaism and early Christianity / D.T. Runia -- The impact of the individual -- Ammianus marcellinus' judgement of Julian's Piety / J. den Boeft -- A quodam persa exstiterunt : re-orienting manichaean origins / A. de Jong -- The letter of Mara bar Sarapion : some comments on its philosophical and historical context / A. Merz & T. Tieleman -- John the Baptist according to Flavius Josephus, and his incorporation in the Christian tradition / J. Tromp -- The panegyris in Jerusalem : responses to Herod's initiative ( Josephus, antiquities 15.268-290) / J.W. van Henten -- Group dynamics as agents of religious change -- Sabbath at Elephantine : a short episode in the construction of Jewish identity / B. Becking -- The opponents in the Johannine Epistles : fact or fiction? / M.J.J. Menken -- Is there a heresy that necessitated Jude's letter? / G. Van Oyen -- Jewish Monotheism and Christian origins / B.J. Lietaert Peerbolte -- The didache redening : its Jewish identity in the light of Gentiles joining the community / H. van de Sandt -- Bereshit bara Elohim : Bereshit Rabba, Parashah 1, reconsidered / P. Schaefer -- New texts, new readings -- Manichaean elements in n early version of the Virgin Mary's assumption / R. van den Broek -- Interpretative thetas in the Strasbourg Empedocles / J. Mansfeld & K. Algra -- 'Our righteous brethren' : reflections on the description of the righteous ones according to the Greek revelation of Peter (Akhm -- 2) / T. Nicklas -- The evil inclination in the Dead Sea Scrolls, with a re-edition of 4q468i (4qsectarian text?) / E. Tigchelaar -- A Greek letter from Syria / K. Worp -- Jewish and Christian texts in comparison -- Close encounters of.
526 ## - NOTA DE INFORMACIÓN SOBRE EL PROGRAMA DE ESTUDIO
Nombre del programa Segunda Especialidad En Profecías Bíblicas
526 ## - NOTA DE INFORMACIÓN SOBRE EL PROGRAMA DE ESTUDIO
Nombre del programa Segunda Especialidad En Nuevo Testamento
526 ## - NOTA DE INFORMACIÓN SOBRE EL PROGRAMA DE ESTUDIO
Nombre del programa Segunda Especialidad En Antiguo Testamento
526 ## - NOTA DE INFORMACIÓN SOBRE EL PROGRAMA DE ESTUDIO
Nombre del programa Segunda Especialidad En Estudios Adventistas
526 ## - NOTA DE INFORMACIÓN SOBRE EL PROGRAMA DE ESTUDIO
Nombre del programa Doctorado en teología
526 ## - NOTA DE INFORMACIÓN SOBRE EL PROGRAMA DE ESTUDIO
Nombre del programa Maestría en teología histórica
526 ## - NOTA DE INFORMACIÓN SOBRE EL PROGRAMA DE ESTUDIO
Nombre del programa Maestría en teología bíblica
526 ## - NOTA DE INFORMACIÓN SOBRE EL PROGRAMA DE ESTUDIO
Nombre del programa Maestría en teología
526 ## - NOTA DE INFORMACIÓN SOBRE EL PROGRAMA DE ESTUDIO
Nombre del programa Maestría en misionología
526 ## - NOTA DE INFORMACIÓN SOBRE EL PROGRAMA DE ESTUDIO
Nombre del programa Maestría en liderazgo eclesiástico
526 ## - NOTA DE INFORMACIÓN SOBRE EL PROGRAMA DE ESTUDIO
Nombre del programa Teología
596 ## -
-- 1
650 #0 - PUNTO DE ACCESO ADICIONAL DE MATERIA--TÉRMINO DE MATERIA
Término de materia o nombre geográfico como elemento de entrada Religión
Subdivisión general Filosofía.
650 #0 - PUNTO DE ACCESO ADICIONAL DE MATERIA--TÉRMINO DE MATERIA
Término de materia o nombre geográfico como elemento de entrada Religiones.
700 1# - ENTRADA AGREGADA--NOMBRE PERSONAL
Nombre de persona Horst, Pieter Willem van der,
Término indicativo de función/relación editor.
700 1# - ENTRADA AGREGADA--NOMBRE PERSONAL
Nombre de persona Houtman, Alberdina,
Término indicativo de función/relación editor.
700 1# - ENTRADA AGREGADA--NOMBRE PERSONAL
Nombre de persona Jong, Albert de,
Fechas asociadas al nombre 1966-
Término indicativo de función/relación editor.
700 1# - ENTRADA AGREGADA--NOMBRE PERSONAL
Nombre de persona Weg, Magda Misset-van de,
Fechas asociadas al nombre 1943-
Término indicativo de función/relación editor.
910 ## - DATOS DE OPCIÓN DEL USUARIO (OCLC)
Datos de opción del usuario jck
-- jvq
-- jpc
-- 20170622
942 ## - ELEMENTOS DE ENTRADA SECUNDARIOS (KOHA)
Fuente del sistema de clasificación o colocación Clasificación Decimal Dewey
Tipo de ítem Koha
949 ## - PROCESAMIENTO DE INFORMACIÓN LOCAL (OCLC)
a 200.901 E5
w DEWEY
c 1
i 76405
l CATALOGING
m BUL
p 261.00
r 0
s Y
t BOOK
u 2017-06-22
x TEOLOGÍA
z TEOLOGÍA
0 COMPRA
o .CIRCNOTE. El documento es de alto precio.
-- .STAFF. Colección Teología
994 ## -
-- C0
-- PEPRU
999 ## - NÚMEROS DE CONTROL DE SISTEMA (KOHA)
-- DEWEY
-- 76405
-- 2017-6-22
-- 2021-11-9
-- 4
-- CCODEBUL1
-- BUL
-- 1
-- 261.00
-- 0
-- Y
-- BOOK
-- 2017-6-22
-- TEOLOGIA
-- P35
-- COMPRA
-- .STAFF. Colección Teología
980 ## - EQUIVALENCIA O REFERENCIA-CRUZADA-MENCIÓN DE SERIE--NOMBRE DE PERSONA/TÍTULO [LOCAL, CANADÁ]
ID del último usuario que modificó el registro 1
Nombre del último usuario que modificó el registro ALBERTO SANCHEZ Responsable de Automatización
Existencias
Visto por última vez Número de inventario Total de préstamos Signatura topográfica completa Código de barras Fecha del último préstamo Copia número Coste, precio de reemplazo Fecha de reemplazo Facultad Tipo de ítem Koha Nota pública Estado de pérdida Fuente del sistema de clasificación o colocación Restricciones de uso No para préstamo Colección Programa académico Biblioteca de origen Biblioteca actual Ubicación en estantería Fecha de adquisición Fuente de adquisición Coste, precio normal de compra
2025-12-02 5 1 200.901 E5 76405 2017-06-22 e1 266.00 2017-06-22   Libros físicos inventario-2023-12-13 No Perdido Clasificación Decimal Dewey No restringido Disponible para préstamos Colección General Teología Biblioteca CRAI UPeU Lima Biblioteca CRAI UPeU Lima Sala principal 2017-06-22 COMPRA 261.00